00459nam a2200157Ia 450000500170000000800460001702000180006303700100008104000180009104100130010908400080012210000120013024500620014226000570020485600400026120260120131807.0008 260114s9999 xx 000 0 eng d a9781383007527 aEBOOK aCRLbengcCRL aeng2eng qCRL aReardon 0aAgostino Agazzari and Music at Siena Cathedral, 1597-1641 bOxford University PressOxford University Pressc2023 uhttps://academic.oup.com/book/49009